Gaming Quiz

Random Gaming Quiz

Warcraft Shaman Abilities (Legion Edition) Quiz Stats

Quiz not verified by Sporcle

Challenge
Share
Tweet
Embed
Score 0/47 Timer 15:00
0 Plays Today
Ability Answer % Correct
BaselineLightning Bolt
90.9%
ElementalEarth Shock
81.8%
EnhancementLava Lash
81.8%
EnhancementFlametongue
81.8%
RestorationFlame Shock
81.8%
ElementalFlame Shock
81.8%
ElementalChain Lightning
81.8%
RestorationChain Lightning
81.8%
RestorationHealing Wave
81.8%
BaselineGhost Wolf
72.7%
ElementalFrost Shock
72.7%
EnhancementStormstrike
72.7%
RestorationLava Burst
72.7%
ElementalLava Burst
72.7%
RestorationChain Heal
72.7%
RestorationHealing Rain
72.7%
ElementalEarthquake
63.6%
EnhancementFrostBrand
63.6%
RestorationHealing Stream Totem
63.6%
BaselineHealing Surge
54.5%
BaselineAncestral Spirit
54.5%
BaselineAstral Recall
54.5%
BaselineHeroism/Bloodlust
54.5%
ElementalThunderstorm
54.5%
Ability Answer % Correct
RestorationRiptide
54.5%
BaselineAstral Shift
45.5%
EnhancementRockbiter
45.5%
Enhancement Artifact AbilityDoom Winds
45.5%
ElementalCleanse Spirit
45.5%
EnhancementCleanse Spirit
45.5%
RestorationPurify Spirit
45.5%
RestorationSpirit Link Totem
45.5%
BaselineWater Walking
36.4%
BaselineFar Sight
36.4%
BaselineHex
36.4%
ElementalFire Elemental
36.4%
ElementalEarth Elemental
36.4%
RestorationHealing Tide Totem
36.4%
BaselinePurge
27.3%
EnhancementCrash Lightning
27.3%
EnhancementSpirit Walk
27.3%
Elemental Artifact AbilityStormkeeper
18.2%
EnhancementFeral Spirit
18.2%
Restoration Artifact AbilityGift of the Queen
18.2%
BaselineWind Sheer
9.1%
RestorationAncestral Vision
9.1%
RestorationSpiritwalker's Grace
9.1%

You're not logged in!

Compare scores with friends on all Sporcle quizzes.
Join for Free
OR
Log In

You Might Also Like...

Show Comments

Extras

Top Quizzes Today


Score Distribution

Your Account Isn't Verified!

In order to create a playlist on Sporcle, you need to verify the email address you used during registration. Go to your Sporcle Settings to finish the process.

Report this User

Report this user for behavior that violates our Community Guidelines.

Details: